000 00357nam a22001457a 4500
020 _a81-219-1592-9
082 _a823
_bPAC/T
100 _aPACES.S.E
245 _aTALES FROM THE ARABIAN NIGHTS
_bGREAT STORIES IN EASY ENGLISH
260 _aNEW DELHI
_bS.CHAND & COMPANY LTD
300 _a104
520 _aSHORT STORY
650 _aSHORT STORY
942 _cBK
999 _c3784
_d3784